000 01167nam a22002657a 4500
005 20170124103004.0
010 _aB-151318
020 _c200.00
_a8180420698
035 _aB-151318
037 _bCen Lib/Ret
040 _aDPL
_bHN
082 _a
_bशैख़अ
100 _aशैख़, अनवर
_92233
245 _aरूप नगर :
_cअनवर शैख़; संपादक साहिर शीवी
_bअनवर शैख़ की 13 कहानियां तथा समीक्षाएं /
246 _aAnwar shaikh ki 13 kahaniyan tatha samikshayen /
_bby Anwar Shaikh; Sahir Shivi
260 _aनेरोबी
_bकोकण उर्दू रायटर्स गिल्ड
_c2004
270 _aपोस्ट बॉक्स न० 26054
_bनेरोबी
300 _a254पृ.
_c21सेमी (सजिल्द)
650 _aउर्दू साहित्य
_955779
650 _aकहानियां
_955780
650 _aUrdu literature
_955781
650 _aStories
_97500
700 _aशीवी, साहिर
_914217
942 _2ddc
_cHN
_h
_mशैख़अ
999 _c114200
_d114200